Současný pohled na seniorskou populaci

Delenie staroby do skupín podľa Svetovej zdravotníckej organizácie. Charakteristika seniorskej populácie. Biologická staroba. Sociálna staroba. Faktory a prognózy spojené s demografickým vývojom.

Guardado en:
Detalles Bibliográficos
Autor principal: Cakl, Lukáš
Formato: Capítulo de libro
Lenguaje:checo
Materias:
Etiquetas: Agregar Etiqueta
Sin Etiquetas, Sea el primero en etiquetar este registro!

MARC

LEADER 00000nla a2200000 4500
001 0214729
005 20240417075105.7
041 0 |a cze 
044 |a CZ 
245 1 0 |a Současný pohled na seniorskou populaci  |c Lukáš Cakl 
520 |a Delenie staroby do skupín podľa Svetovej zdravotníckej organizácie. Charakteristika seniorskej populácie. Biologická staroba. Sociálna staroba. Faktory a prognózy spojené s demografickým vývojom. 
610 2 0 |a demografia 
610 2 0 |a populácia 
610 2 0 |a seniori 
610 2 0 |a starnutie populácie 
610 2 0 |a zdravie 
610 2 0 |a Česko 
610 2 0 |a štatistika 
100 1 |a Cakl, Lukáš